000 01999nam0a2200361 4500
001 RU\NLR\BIBL_A\012886600
005 20221102154730.0
010 _a978-5-0056-5975-0
021 _aRU
_bКН-П-22-048210
_9КН-П-22-4178
035 _a(NLR Aleph) 012886600
035 _a(RuMoRGB)011152837
090 _a12537304
_c12537305
100 _a20220912d2022 a y0rusy50 ca
101 0 _arus
102 _aRU
105 _ay z 000zy
181 0 _ai
_baxxe
182 0 _an
200 1 _aДэурумы. Принц Чернобога
_fАнна Карэ
203 _aТекст
_bвизуальный
_cнепосредственный
210 _a[Б. м.]
_cИздательские решения
_d2022
215 _a239, [1] с.
_d21
330 _aГлобальное потепление, загрязнения, погоня за ядерным оружием - всё это истащило ресурсы планеты и спровоцировало катастрофу. Земля разверзлась и выпустила силу языческих богов и духов в мир живых. Наступил холод, привычный для столицы самого большого королевства планеты - Москвы. Сотни лет после катастрофы жизнь продолжается. Криминал, грехи людей всюду. Вот только теперь, среди этих людей есть маги "дэурумы" - посланники богов. Смогут ли они спасти свой дом, который почти разрушили их предки
333 _a18+
517 1 _aПринц Чернобога
675 _a821.161.1-31
_v4
686 2 _aШ6(2=Р)8-445
700 1 _aКарэ
_bА.
_gАнна
942 _cBOOK
980 _aNB